Responses for show #3701 - Monday, October 9, 2000

Contestants

[<< previous game]

Eric Hillemann, a college archivist from Northfield, Minnesota

Julie deGraffenried, a graduate student from Chilton, Texas

Jeremy Levin, a law clerk from West Hollywood, California (whose 1-day cash winnings total $8,500)

[next game >>]

Jeopardy! Round responses

16th CENTURY SCIENCE
HOLIDAYS & OBSERVANCES
(Alex: Remember, today is Columbus Day.)
WHAT'S THE GOOD WORDSWORTH?
BEVERAGES
THE BALD & THE BEAUTIFUL
SPORTS RHYME TIME
    $100 1
decimals

Jeremy
    $100 4
Easter

Jeremy
    $100 3
sonnet

Julie
    $100 21
Hawaiian Punch

Jeremy
    $100 26
Yul Brynner

Eric
    $100 16
Brett's debts

Eric
    $200 2
Gregorian Calendar

Eric
    $200 10
(royal) dolls

Eric
    $200 6
(Julie: What is "The Moon?")
(Alex: Can't accept it - has to be 3 words.)

"To The Moon"

JulieEric
    $200 22
coffee

Julie
    $200 27
Sigourney Weaver

Jeremy
    $200 17
Ruth's booths

Jeremy
    $300 5
Gerardus Mercator

Eric
    $300 13
Ramadan

Julie
    $300 7
skylark

Eric
    $300 23
Southern Comfort

Jeremy
    $300 28
(Eric: Who is James Earl Jones?)

Laurence Fishburne

JulieEric
    $300 18
stuck puck

Julie
    $400 11
Eustachian tube

Eric
    $400 14
(Julie: What is Good Friday?)

St. Patrick's Day

Julie
Triple Stumper
    $1,000 8
George III

Eric
    $400 24
Barq's

Jeremy
    $400 29
Montel Williams

Julie
    $400 19
racket packet

Eric
    $500 12
Nicolaus Copernicus

Jeremy
    $500 15
Arbor Day

Triple Stumper
    $500 9
Tintern Abbey

Julie
    $500 25
Whipper Snapple

Triple Stumper
    $500 30
Billy Corgan

Triple Stumper
    $500 20
quick stick

Jeremy

Scores at the first commercial break (after clue 15):

Jeremy Julie Eric
$700 $300 $2,600

Scores at the end of the Jeopardy! Round:

Jeremy Julie Eric
$2,400 $1,500 $2,900

Double Jeopardy! Round responses

AMERICAN ARTISTS
CHRISTIAN ROCK
I RULE!
(Alex: You have to name the country.)
OCEANS
RIVERS
"C"s
    $200 7
Michael Jordan

Eric
    $200 1
Bob Dylan

Eric
    $200 22
Cambodia (Kampuchea)

Eric
    $200 12
breakers

Eric
    $200 17
The Tonight Show

Eric
    $200 2
cardinal

Eric
    $400 8
Grant Wood

Eric
    $400 30
Amy Grant

Julie
    $400 23
Saudi Arabia

Eric
    $400 13
Crest

Eric
    $400 18
All My Children

Julie
    $400 3
covet

Jeremy
    $600 9
Paul Gauguin

Eric
    $600 29
(Jeremy: Who were the Allman Brothers?)

Doobie Brothers

JeremyJulie
    $600 24
the Netherlands (Holland)

Jeremy
    $600 14
Indian & Pacific Oceans

Jeremy
    $600 19
center square (on "The Hollywood Squares")

Jeremy
    $600 4
conservatory

Eric
    $6,100 10
Spanish Republic

Eric
    $800 28
Grand Funk Railroad

Eric
    $800 25
Sweden

Julie
    $800 15
(Julie: What are kelp beds?)

coral reefs

JeremyJulie
    $800 20
Spike

Triple Stumper
    $800 5
(Jeremy: [no response])

chickadee

JeremyJulie
    $1000 11
Cindy Sherman

Triple Stumper
    $1000 27
(Jeremy: What is Frankincense?)

myrrh

JeremyJulie
    $1000 26
Brunei

Eric
    $2,000 16
Gulfstream (waters)

Jeremy
    $1000 21
"Enter Talking"

Triple Stumper
    $1000 6
Giovanni Cassini

Eric

Scores at the end of the Double Jeopardy! Round:

Jeremy Julie Eric
$5,000 $4,700 $15,400
(lock game)

[wagering suggestions for these scores]

Final Jeopardy! Round responses

THE 50 STATES
JulieWhat are South Carolina and ?
$2,500
JeremyWhat are Ohio and South Carolina
$4,500
EricWhat are Ohio and South Carolina?
$5,300
Ohio (Columbus) & South Carolina (Columbia)

Final scores:

Jeremy Julie Eric
$9,500 $2,200 $20,700
2nd place: Trip to Grand Lido Braco Resort, Jamaica 3rd place: Brompton Folding Bike New champion: $20,700

Game dynamics:

Coryat scores:

Jeremy Julie Eric
$4,000 $4,700 $9,500
15 R
(including 1 DD),
3 W
13 R,
3 W
25 R
(including 2 DDs),
1 W

Combined Coryat: $18,200

The J! Archive is created by fans, for fans. The Jeopardy! game show and all elements thereof, including but not limited to copyright and trademark thereto, are the property of Jeopardy Productions, Inc. and are protected under law. This website is not affiliated with, sponsored by, or operated by Jeopardy Productions, Inc. Join the discussion at JBoard.tv.